MARC

Tag First Indicator Second Indicator Subfields
LEADER 00000cam a2200000 a 4500
001 in00002782669
005 20211202200910.0
006 m | d f
007 cr mn|||||||||
008 990813s1999 dcua ob f000 0 eng c
035 |a (OCoLC)ocm44208912 
040 |a N@F  |c N@F  |d OCLCQ  |d GPO  |d MvI  |d UtOrBLW 
042 |a pcc 
043 |a n-us--- 
049 |a WWW 
074 |a 0718-A-28 (online) 
086 0 |a J 32.20/3:ST 8 
100 1 |a Sheppard, David I. 
245 1 0 |a Promising strategies to reduce gun violence :  |b report /  |c Shay Bilchik, administrator. 
264 1 |a [Washington, D.C.] :  |b Office of Juvenile Justice and Delinquency Prevention,  |c [1999] 
300 |a 1 online resource (xvii, 253 pages) :  |b illustrations 
336 |a text  |b txt  |2 rdacontent 
337 |a computer  |b c  |2 rdamedia 
338 |a online resource  |b cr  |2 rdacarrier 
490 1 |a OJJDP report 
500 |a "David Sheppard, primary author"--Acknowledgements. 
500 |a "February 1999." 
500 |a Culmination of a survey and review conducted by a U.S. Department of Justice Work Group and COSMOS Corporation. 
504 |a Includes bibliographical references (pages 215-218). 
505 0 |a Gun violence in the United States -- Solving the problem of gun violence -- Comprehensive gun violence reduction strategies -- Strategies to interrupt sources of illegal guns -- Strategies to deter illegal gun possession and carrying -- Strategies to respond to illegal gun use -- Education initiatives and alternative prevention strategies -- Research, technical assistance, and education programs. 
500 |a "NCJ 173950"--PDF file, page [4] of cover. 
500 |a Electronic resource. 
650 0 |a Gun control  |z United States. 
650 0 |a Firearms and crime  |z United States. 
650 0 |a Firearms ownership  |z United States. 
650 0 |a Children and violence  |z United States. 
650 0 |a Violent crimes  |z United States  |x Prevention. 
650 0 |a Juvenile delinquency  |z United States  |x Prevention. 
700 1 |a Bilchik, Shay. 
710 1 |a United States.  |b Office of Juvenile Justice and Delinquency Prevention. 
710 2 |a COSMOS Corporation. 
776 0 8 |i Print version:  |a Sheppard, David I.  |t Promising strategies to reduce gun violence  |w (DLC) 99187116  |w (OCoLC)41155317 
776 0 8 |i Microfiche version:  |a Sheppard, David I.  |t Promising strategies to reduce gun violence  |w (OCoLC)42050116 
830 0 |a OJJDP report. 
856 4 0 |u https://purl.fdlp.gov/GPO/LPS41050  |t 0 
999 |a MARS 
999 f f |s 416881c3-59ec-369a-921d-ede38218821d  |i dd3ec5a6-8c40-3707-8ba0-be44dd8b67ad  |t 0 
952 f f |a Texas A&M University  |b College Station  |c Electronic Resources  |d Available Online  |t 0  |e J 32.20/3:ST 8  |h Superintendent of Documents classification 
998 f f |a J 32.20/3:ST 8  |t 0  |l Available Online